India strategic. (Record no. 34976)

MARC details
000 -LEADER
fixed length control field 00988cas a2200289 a 4500
005 - DATE AND TIME OF LATEST TRANSACTION
control field 20100331162346.0
006 - FIXED-LENGTH DATA ELEMENTS--ADDITIONAL MATERIAL CHARACTERISTICS--GENERAL INFORMATION
fixed length control field a|||||r|||||00| 0
008 - FIXED-LENGTH DATA ELEMENTS--GENERAL INFORMATION
fixed length control field 060926c20069999ii mr p 0 0eng
040 ## - CATALOGING SOURCE
Original cataloging agency DLC
Transcribing agency DLC
Modifying agency DLC
-- OCoLC
042 ## - AUTHENTICATION CODE
Authentication code lc
043 ## - GEOGRAPHIC AREA CODE
Geographic area code a-ii---
050 ## - LIBRARY OF CONGRESS CALL NUMBER
Classification number U155.I63
Item number I53
245 ## - TITLE STATEMENT
Title India strategic.
260 ## - PUBLICATION, DISTRIBUTION, ETC. (IMPRINT)
Place of publication, distribution, etc New Delhi :
Name of publisher, distributor, etc Gulshan R. Luthra,
Date of publication, distribution, etc 2006-
300 ## - PHYSICAL DESCRIPTION
Extent v. :
Other physical details col. ill. ;
Dimensions 29 cm.
310 ## - CURRENT PUBLICATION FREQUENCY
Current publication frequency Monthly
362 ## - DATES OF PUBLICATION AND/OR SEQUENTIAL DESIGNATION
Dates of publication and/or sequential designation Vol. 1 (Feb. 2006)-
500 ## - GENERAL NOTE
General note Title from cover.
650 ## - SUBJECT ADDED ENTRY--TOPICAL TERM
Topical term or geographic name as entry element Military planning
Geographic subdivision India
Form subdivision Periodicals.
651 ## - SUBJECT ADDED ENTRY--GEOGRAPHIC NAME
Geographic name India
General subdivision Strategic aspects
Form subdivision Periodicals.
270 ## - ADDRESS
Address 517, 5th Floor, Ansal Chember-II, Bhikaji Cama Place
City New Delhi
Postal code 110066
Telephone number 9811660066
Fax number 41659812
Electronic mail address indiastrategic@hotmail.com
906 ## - LOCAL DATA ELEMENT F, LDF (RLIN)
a 7
b cbc
c serials
d 3
e ncip
f 20
g n-oclcserc
942 ## - ADDED ENTRY ELEMENTS (KOHA)
Source of classification or shelving scheme Dewey Decimal Classification
Item type Periodicals
Serial record 1
Holdings
Withdrawn status Lost status Source of classification or shelving scheme Damaged status Not for loan Collection code Home library Current library Date acquired Total Checkouts Date last seen Price effective from Koha item type
    Dewey Decimal Classification   Not For Loan Non-fiction D.B.Act.Division D.B.Act.Division 31/03/2010   31/03/2010 31/03/2010 Periodicals

© Delhi Public Library
Hit Counter
free hit counter